| 000 | 00392nam a22001577a 4500 | ||
|---|---|---|---|
| 003 | OSt | ||
| 005 | 20240124113050.0 | ||
| 008 | 240124b |||||||| |||| 00| 0 eng d | ||
| 020 | _a978-0-323-52480-3 | ||
| 040 |
_aDDC _cHU |
||
| 082 |
_22nd _a616.4 _b4 |
||
| 100 |
_aNose,Vania. _937465 |
||
| 245 | _aDiagnostic Pathology Endocrine | ||
| 260 |
_acanada _bElseiver _c2018 |
||
| 942 |
_2ddc _cBOOKS _n0 |
||
| 999 |
_c35934 _d35934 |
||